000
00254nam a22001217a 4500
003
SGT
082
_a
370
_b
KUL
100
_a
KULSHRESHTHA, AB.
245
_a
CHILDREN WITH DYSLEXIA
260
_a
DELHI
_b
RI PUB.
_c
2018
300
_a
305
942
_2
ddc
_c
BK
999
_c
17562
_d
17562